LEADER 01129nam0-2200337---450- 001 990009777250403321 005 20131024132252.0 035 $a000977725 035 $aFED01000977725 035 $a(Aleph)000977725FED01 035 $a000977725 100 $a20131021d1977----km-y0itay50------ba 101 0 $ager 102 $aDE 105 $aa---b---001yy 200 1 $aItalienische Zeichnungen 1500-1800$eBestandskatalog der Graphischen Sammlung der Staatsgalerie Stuttgart$fbearbeitet von Christel Thiem 210 $aStuttgart$cStaatsgalerie$d1977 215 $a280 p.$cill.$d32 cm 517 1 $aItalienische Zeichnungen fünfzehnhundert-achtzehnhundert 610 0 $aDisegni italiani$a1500-1800$aStoccarda$aStaatsgalerie 610 0 $aStoccarda$aMusei$aStaatsgalerie$aCataloghi 676 $a741.943 702 1$aThiem,$bChristel 710 02$aStaatsgalerie$c$0328954 801 0$aIT$bUNINA$gRICA$2UNIMARC 901 $aBK 912 $a990009777250403321 952 $a741.943 CATALOGHI 1$bBIBL. 60184$fFLFBC 959 $aFLFBC 996 $aItalienische Zeichnungen 1500-1800$9832412 997 $aUNINA LEADER 01252nam0-2200361---450- 001 990008309640403321 005 20060407134038.0 010 $a3515072527 035 $a000830964 035 $aFED01000830964 035 $a(Aleph)000830964FED01 035 $a000830964 100 $a20060407d1998----km-y0itay50------ba 101 0 $ager 102 $aDE 105 $ay---a---101yy 200 1 $aStuttgarter Kolloquium zur historischen Geographie des Altertums 6, 1996$eNaturkatastrophen in der antiken Welt$fherausgegeben von Eckart Olshausen und Holger Sonnabend 210 $aStuttgart$cSteiner$d1998 215 $a485 p.$cill.$d24 cm 225 1 $aGeographica historica$v10 517 1 $aNaturkatastrophen in der antiken Welt 610 0 $aCalamità$aAntichità 676 $a363.34 702 1$aOlshausen,$bEckart 702 1$aSonnabend,$bHolger 710 12$aStuttgarter Kolloquium zur historischen Geographie des Altertums$d<6. ;$f1996 ;$eStuttgard>$0424571 801 0$aIT$bUNINA$gRICA$2UNIMARC 901 $aBK 912 $a990008309640403321 952 $aDirez. CONGR-016$b8836 ddr$fDDR$m21-9861 959 $aDDR 996 $aStuttgarter Kolloquium zur historischen Geographie des Altertums 6, 1996$9745725 997 $aUNINA LEADER 02546nam 2200577 450 001 9910460800903321 005 20200520144314.0 010 $a0-309-31635-9 035 $a(CKB)3710000000411288 035 $a(EBL)3439725 035 $a(SSID)ssj0001598766 035 $a(PQKBManifestationID)16300239 035 $a(PQKBTitleCode)TC0001598766 035 $a(PQKBWorkID)14881747 035 $a(PQKB)10778085 035 $a(MiAaPQ)EBC3439725 035 $a(Au-PeEL)EBL3439725 035 $a(CaPaEBR)ebr11091634 035 $a(OCoLC)907813087 035 $a(EXLCZ)993710000000411288 100 $a20150904h20152015 uy| 0 101 0 $aeng 135 $aurcnu|||||||| 181 $ctxt 182 $cc 183 $acr 200 10$aFuture directions of credentialing research in nursing $eworkshop summary /$fMargaret A. McCoy and Victoria D. Weisfeld, rapporteurs ; Board on Health Sciences Policy ; Institute of Medicine of the National Academies 210 1$aWashington, District of Columbia :$cThe National Academies Press,$d[2015] 210 4$d©2015 215 $a1 online resource (114 p.) 300 $aDescription based upon print version of record. 311 $a0-309-31634-0 327 $aFront Matter; Reviewers; Acknowledgments; Contents; 1 Introduction; 2 A New Framework for Credentialing Research in Nursing; 3 Strengthening Data and Health Informatics for Credentialing Research; 4 Challenges and Opportunities in Credentialing Research Methodologies; 5 Assessing Core Competencies in Nursing Credentialing; 6 Nursing Credentialing Within a Complex Health Care Landscape; 7 Taking the Temperature: Stakeholder Reactions and Suggestions; References; Appendix A: Workshop Agenda; Appendix B: Glossary 606 $aNurses$xCertification$vCongresses 606 $aNursing$zUnited States$vCongresses 608 $aElectronic books. 615 0$aNurses$xCertification 615 0$aNursing 676 $a610.73072 702 $aMcCoy$b Margaret A. 702 $aWeisfeld$b Victoria D. 712 02$aBoard on Health Sciences Policy, 712 02$aInstitute of Medicine of the National Academies.$bFuture directions of credentialing research in nursing workshop$f(2014 :$eWashington, D.C.), 712 12$aFuture Directions of Credentialing Research in Nursing (Workshop) 801 0$bMiAaPQ 801 1$bMiAaPQ 801 2$bMiAaPQ 906 $aBOOK 912 $a9910460800903321 996 $aFuture directions of credentialing research in nursing$92196378 997 $aUNINA